| 000 | 01593 a2200241 4500 | ||
|---|---|---|---|
| 001 | 34507 | ||
| 005 | 20260407155631.0 | ||
| 008 | 260407a1973 arg spa d | ||
| 003 | AR-UNSa-BCEJYS | ||
| 040 |
_aAR-UNSa-BCEJYS _bspa _cAR-UNSa-BCEJYS |
||
| 080 |
_a658.012.32 _xFormas de organización, de gestión |
||
| 245 | 1 | 0 |
_aLas organizaciones del mañana _pdesafíos y estrategias |
| 020 | _a968-24-0778-8 | ||
| 264 | 1 |
_aMéxico : _bTrillas _c1973 |
|
| 300 |
_a504 p. _c25 cm. |
||
| 505 | _aI. Un futuro diferente: 1. Desafíos del futuro - 2. Las organizaciones del mañana - II. Nuevas dimensiones para las organizaciones del mañana : 3. Para entender al hombre del mañana - 4. Competencia interpersonal y crecimiento de grupo - 5. Ambientes organizacionales y adaptación - 6. Progresos logrados en el cambio y la innovación - III. Nuevas perspectivas para la teoría organizacional: 7. Sistemas abiertos, cibernética y decisiones - 8. Teorias del intercambio de la motivación y del papel - 9. Fenomenología: La búsqueda de nuevas perspectivas - IV. Estrategias para el cambio integrado: 10. Estrategias generales para una organización en cambio - 11. Cambios estructurales, tecnología y autoadministración - 12. Cambio conductal y desarrollo organizacional - 13. Nuevos papeles para los gerentes proactivos - 14. Investigación organizacional y creación de una política. | ||
| 942 | _cBK | ||
| 590 | _aniveau_biblio:m niveau_hierar:0 | ||
| 100 | 1 | _aJun, Jong S. | |
| 700 | 1 | _aStorm, William B. | |
| 700 | 1 | _aPatán López, Federico | |
| 700 | 1 | _aArias Galicia, Fernando | |
| 999 |
_c2457 _d2457 |
||